000 00279nam a22001337a 4500
008 170920b xxu||||| |||| 00| 0 eng d
020 _a9780140239676
041 _aeng
080 _a7
100 _a45
101 _aART
245 _aTHE SUN KING
_cMITFORD,N
942 _2udc
_cBK
999 _c28407
_d28407